000 00377nam a2200109Ia 4500
008 171211s9999 xx 000 0 und d
245 _aGenerations and Globalization: Youth, Age, and Family in the New World Economy
245 _cDeborah Durham and Jennifer Cole
260 _c2006
650 _xPolitics and Sociology
856 _uhttp://down.ebook777.com/063/9780253348036.pdf
999 _c348792
_d348792